[Event "St Petersburg Korchnoi Memorial op"]
[Site "St Petersburg"]
[Date "2019.08.22"]
[Round "9"]
[White "Knjazev, Artem"]
[Black "Makov, Artem"]
[Result "0-1"]
[WhiteElo "1665"]
[BlackElo "1911"]
[PlyCount "72"]
[EventDate "2019.08.14"]
[EventType "swiss"]
[EventRounds "9"]
[EventCountry "RUS"]
[SourceTitle "CBM 192"]
[Source "ChessBase"]
[SourceDate "2019.10.31"]
[SourceVersion "1"]
[SourceVersionDate "2019.10.31"]
[SourceQuality "1"]

1. e4 c5 2. Nf3 g6 3. d4 cxd4 4. Nxd4 Nc6 5. Be3 Nf6 6. Nc3 Bg7 7. Nxc6 bxc6 8. e5 Ng8 9. f4 f6 10. Bc4 fxe5 11. fxe5 Bxe5 12. 0-0 Nf6 13. Bh6 d5 14. Bg7 Ng4 15. Bxh8 Bxh8 16. Nxd5 cxd5 17. Bxd5 Qd6 18. g3 Rb8 19. Bf7+ Kd8 20. Qxd6+ exd6 21. Bd5 Bf5 22. Rf4 Rxb2 23. Rc1 Rb5 24. Bb3 a5 25. h3 Nh6 26. g4 Be5 27. Rff1 Be4 28. Rcd1 Ke7 29. Rfe1 Bb7 30. Rf1 Rc5 31. a4 Ba6 32. Rf2 Rc3 33. Bd5 Rxh3 34. Rg2 Bc8 35. Rd3 Rxd3 36. cxd3 Nxg4 0-1